History Quiz

Random History or Year Quiz
Score 0/20 Timer 02:00
0 Plays Today
Event Before or After? % Correct
Signing of the Louisiana Purchase???
79.5%
Eric The Red reaches Greenland???
78.2%
Opening of the Panama Canal???
77.8%
Pilgrims landed in New England???
77.3%
Western Roman Empire Falls???
71.9%
The California gold rush???
71.3%
First Transcontinental Railroad in the U.S.???
70.3%
Kyrgyzstan gets its independence???
69.5%
The Magellan Expedition begins???
68.5%
French Revolution begins???
68.1%
Event Before or After? % Correct
Lewis and Clark Expedition takes off???
67%
Gutenberg invents the movable type printing press???
66.7%
Tenochtitlan founded by Aztecs???
65%
John Harrison determines longitude lines???
64.5%
Muhammad dies and Muslim expansion begins???
55.6%
Marco Polo sets off for China???
53.9%
Protestant Reformation begins???
53.4%
Mount Vesuvius erupts, burying Pompeii???
51.1%
First magnetic compass used???
42.2%
Simon Bolivar gains independence for Venezuela???
37.9%
Remove Ads.
Support Sporcle.
Get the best of Sporcle when you Go Orange. This ad-free experience offers more features, more stats, and more fun while also helping to support Sporcle. Thank you for becoming a member.

You're not logged in!

Compare scores with friends on all Sporcle quizzes.
OR
Log In

Show Comments

Extras

Top Quizzes Today


Score Distribution

Your Account Isn't Verified!

In order to create a playlist on Sporcle, you need to verify the email address you used during registration. Go to your Sporcle Settings to finish the process.

Report this User

Report this user for behavior that violates our Community Guidelines.

Details: